[Event "24. Torneo Colllado Villalba"]
[Site "Collado Villalba ESP"]
[Date "2007.08.28"]
[Round "6.16"]
[White "Rubio Mejia, Luis Ignacio"]
[Black "Clopes Llahi, Judit"]
[Result "1-0"]
[WhiteElo "2270"]
[BlackElo "2020"]
[PlyCount "83"]
[EventDate "2007.08.23"]
[EventType "swiss"]
[EventRounds "9"]
[EventCountry "ESP"]
[Source "lmi"]
[SourceDate "2007.08.23"]

1. d4 Nf6 2. c4 e6 3. Nc3 Bb4 4. e3 O-O 5. Bd3 d5 6. a3 Bxc3+ 7. bxc3 c5 8.
cxd5 Qxd5 9. Nf3 Nc6 10. Qe2 e5 11. e4 Qd6 12. d5 Na5 13. Rb1 Ne8 14. c4 b6 15.
O-O Bd7 16. Bd2 Nb7 17. Bc3 f6 18. Nd2 Nc7 19. f4 Rae8 20. fxe5 fxe5 21. Rxf8+
Qxf8 22. Rf1 Qe7 23. Qh5 Nd6 24. Nf3 Nf7 25. Nh4 Rf8 26. Nf5 Bxf5 27. exf5 Qf6
28. Re1 b5 29. Qf3 Qa6 30. cxb5 Qxa3 31. Bc4 Qa4 32. Qe2 Nd6 33. Qxe5 Nce8 34.
Bd3 c4 35. Bb1 Qxb5 36. Bc2 Qb6+ 37. Bd4 Qc7 38. h3 Nb5 39. Qe6+ Qf7 40. Bc5
Ned6 41. Bxd6 Qxe6 42. Rxe6 1-0

[Event "24. Torneo Colllado Villalba"]
[Site "Collado Villalba ESP"]
[Date "2007.08.28"]
[Round "6.17"]
[White "Tejedo Meneses, Alvaro"]
[Black "Rodriguez Gonzalez, Javier"]
[Result "0-1"]
[WhiteElo "2056"]
[BlackElo "2261"]
[PlyCount "60"]
[EventDate "2007.08.23"]
[EventType "swiss"]
[EventRounds "9"]
[EventCountry "ESP"]
[Source "lmi"]
[SourceDate "2007.08.23"]

1. e4 e6 2. d4 d5 3. Nc3 Bb4 4. e5 Ne7 5. f4 c5 6. a3 Ba5 7. b4 cxb4 8. Nb5 b3+
9. c3 O-O 10. Qxb3 Nf5 11. Be2 Nc6 12. Kf1 a6 13. g4 axb5 14. gxf5 f6 15. Nf3
fxe5 16. fxe5 Rxf5 17. Rg1 Qh4 18. Rg2 Bd7 19. Bg5 Qh3 20. Kf2 Raf8 21. Bf6 g6
22. Rh1 Bd8 23. Rg3 Qh5 24. Bxd8 Nxd8 25. Kg2 Nf7 26. Qd1 Ng5 27. Rf1 Ne4 28.
Ng1 Rf2+ 29. Rxf2 Rxf2+ 30. Kh1 Qxh2# 0-1

[Event "24. Torneo Colllado Villalba"]
[Site "Collado Villalba ESP"]
[Date "2007.08.28"]
[Round "6.18"]
[White "Castejon Caballero, Andres"]
[Black "Prada Lopez, Miguel  Angel"]
[Result "1/2-1/2"]
[WhiteElo "2038"]
[BlackElo "2171"]
[PlyCount "69"]
[EventDate "2007.08.23"]
[EventType "swiss"]
[EventRounds "9"]
[EventCountry "ESP"]
[Source "lmi"]
[SourceDate "2007.08.23"]

1. e4 d6 2. d4 Nf6 3. Nc3 g6 4. f3 c6 5. Be3 Nbd7 6. Qd2 b5 7. d5 cxd5 8. Nxd5
a6 9. a4 bxa4 10. Qc3 Nxd5 11. exd5 Nf6 12. Rxa4 Bd7 13. Rxa6 Rxa6 14. Bxa6 Qa8
15. Bc4 Bg7 16. Qa3 Qc8 17. b3 O-O 18. Ne2 Qb7 19. Qa7 Qxa7 20. Bxa7 Bf5 21.
Kd2 Bh6+ 22. Kc3 Rc8 23. Kb4 Bxc2 24. Nd4 Rc7 25. Ra1 Bd2+ 26. Kb5 Bc3 27. Ra2
Rxa7 28. Rxa7 Bxd4 29. Rxe7 Kf8 30. Re2 Bf5 31. b4 Bc3 32. Re3 Bd2 33. Re2 Bc3
34. Re3 Bd2 35. Re2 1/2-1/2

[Event "24. Torneo Colllado Villalba"]
[Site "Collado Villalba ESP"]
[Date "2007.08.28"]
[Round "6.19"]
[White "Labarta Gonzalez-Villarino, Ivan"]
[Black "Lopez Ayala, Pedro"]
[Result "1-0"]
[WhiteElo "2164"]
[BlackElo "2018"]
[PlyCount "71"]
[EventDate "2007.08.23"]
[EventType "swiss"]
[EventRounds "9"]
[EventCountry "ESP"]
[Source "lmi"]
[SourceDate "2007.08.23"]

1. e4 c5 2. Nf3 d6 3. c3 e6 4. d4 cxd4 5. cxd4 d5 6. e5 Qb6 7. Bd3 Bd7 8. Nc3
Nc6 9. O-O Nge7 10. Na4 Qc7 11. Be3 Ng6 12. a3 a6 13. Rc1 b5 14. Nc5 Bxc5 15.
Rxc5 Qb6 16. b4 O-O 17. Ng5 Nce7 18. Qh5 h6 19. Nh3 Kh7 20. g4 Rh8 21. f4 Kg8
22. f5 Nf8 23. Qh4 Qd8 24. Qf2 Qe8 25. Qc2 Rc8 26. Nf4 Rxc5 27. bxc5 exf5 28.
gxf5 f6 29. e6 Bc6 30. Rf3 Kh7 31. Rg3 Qd8 32. Qg2 Rg8 33. Nh5 Nxf5 34. Rxg7+
Kh8 35. Rxg8+ Kh7 36. Qg7# 1-0

[Event "24. Torneo Colllado Villalba"]
[Site "Collado Villalba ESP"]
[Date "2007.08.28"]
[Round "6.20"]
[White "Ivanovitch Balsinde, Nicolas"]
[Black "Heras Cuenca, Miguel Angel"]
[Result "1/2-1/2"]
[WhiteElo "2151"]
[BlackElo "2014"]
[PlyCount "60"]
[EventDate "2007.08.23"]
[EventType "swiss"]
[EventRounds "9"]
[EventCountry "ESP"]
[Source "lmi"]
[SourceDate "2007.08.23"]

1. e4 e5 2. Nf3 Nf6 3. d4 Nxe4 4. Bd3 d5 5. Nxe5 Bd6 6. O-O Bxe5 7. dxe5 O-O 8.
c4 Nc6 9. f4 Nb4 10. Nc3 Nxd3 11. Qxd3 Nxc3 12. bxc3 dxc4 13. Qxc4 Be6 14. Qe2
Qd7 15. Be3 Qc6 16. Qf2 f5 17. exf6 Rxf6 18. Bd4 Rg6 19. f5 Bxf5 20. Qf3 Qxf3
21. Rxf3 Be4 22. Rf2 Rf8 23. Re2 Bf3 24. Rf2 Bd5 25. Re2 b6 26. Rae1 c5 27. Be3
Re8 28. Rd2 Rge6 29. Rxd5 Rxe3 30. Rxe3 Rxe3 1/2-1/2

[Event "24. Torneo Colllado Villalba"]
[Site "Collado Villalba ESP"]
[Date "2007.08.28"]
[Round "6.21"]
[White "Erice Alonso, Santiago"]
[Black "Rodriguez Robles, Ignacio"]
[Result "1/2-1/2"]
[WhiteElo "2131"]
[BlackElo "1982"]
[PlyCount "41"]
[EventDate "2007.08.23"]
[EventType "swiss"]
[EventRounds "9"]
[EventCountry "ESP"]
[Source "lmi"]
[SourceDate "2007.08.23"]

1. c4 Nf6 2. Nc3 g6 3. e4 d6 4. d4 Bg7 5. f4 O-O 6. Nf3 c5 7. dxc5 Qa5 8. Bd3
dxc5 9. e5 Ng4 10. O-O Nc6 11. a3 Nh6 12. Be3 Bf5 13. Ne4 Rfd8 14. Qe2 Nd4 15.
Nxd4 cxd4 16. Bd2 Qc7 17. b4 f6 18. exf6 exf6 19. h3 Re8 20. Rae1 Qd7 21. Qf2
1/2-1/2

[Event "24. Torneo Colllado Villalba"]
[Site "Collado Villalba ESP"]
[Date "2007.08.28"]
[Round "6.22"]
[White "Barahona Torrijos, Angel"]
[Black "Gago Padreny, Ignacio"]
[Result "0-1"]
[WhiteElo "2014"]
[BlackElo "2124"]
[PlyCount "112"]
[EventDate "2007.08.23"]
[EventType "swiss"]
[EventRounds "9"]
[EventCountry "ESP"]
[Source "lmi"]
[SourceDate "2007.08.23"]

1. e4 c5 2. a3 Nf6 3. e5 Nd5 4. d4 cxd4 5. Qxd4 e6 6. c4 Nc6 7. Qe4 f5 8. Qe2
Qa5+ 9. Bd2 Ndb4 10. Bc3 Nd4 11. axb4 Qxa1 12. Qd1 Nc6 13. b5 Nb4 14. Bd3 Nxd3+
15. Qxd3 a6 16. b3 Qa2 17. b6 Bc5 18. Nd2 Qa3 19. Ne2 Bxb6 20. b4 Qa4 21. c5
Bc7 22. O-O Qc6 23. Qg3 O-O 24. Nc4 b6 25. Bd4 Bb7 26. Nf4 Qe4 27. Rd1 bxc5 28.
bxc5 Rf7 29. f3 Qc2 30. Ne3 Qb3 31. Qe1 Bc6 32. Rb1 Qa4 33. Ne2 Rb8 34. Ra1 Qb4
35. Qc1 Bb5 36. Rb1 Qa4 37. Ra1 Qb3 38. Ra3 Qb4 39. Nc2 Qc4 40. Nf4 Ba4 41. Rc3
Qa2 42. Na3 Ba5 43. Rd3 Rb3 44. Rxb3 Qxb3 45. Nc4 Bc7 46. Nd6 Bxd6 47. exd6 Bb5
48. Qa1 Qa4 49. Nh5 Qxa1+ 50. Bxa1 a5 51. Kf2 a4 52. Ke3 Bc6 53. Nf4 Rf8 54.
Nd3 Rb8 55. Ne5 Kf8 56. Kd3 Rb1 0-1

[Event "24. Torneo Colllado Villalba"]
[Site "Collado Villalba ESP"]
[Date "2007.08.28"]
[Round "6.23"]
[White "Sanchez Gonzalez, Sergio"]
[Black "Arauz Alonso, Fernando"]
[Result "1/2-1/2"]
[WhiteElo "2098"]
[BlackElo "1967"]
[PlyCount "34"]
[EventDate "2007.08.23"]
[EventType "swiss"]
[EventRounds "9"]
[EventCountry "ESP"]
[Source "lmi"]
[SourceDate "2007.08.23"]

1. c4 c6 2. Nc3 d5 3. d4 Nf6 4. Nf3 e6 5. Bg5 dxc4 6. e4 b5 7. Be2 Be7 8. Bxf6
Bxf6 9. O-O Bb7 10. e5 Be7 11. Ne4 O-O 12. b3 cxb3 13. Qxb3 Nd7 14. Rac1 Nb6
15. Bd3 Nd5 16. Nc5 Bxc5 17. Rxc5 Nf4 1/2-1/2

[Event "24. Torneo Colllado Villalba"]
[Site "Collado Villalba ESP"]
[Date "2007.08.28"]
[Round "6.24"]
[White "De Nacimiento Montaño, Antonio"]
[Black "Semprun Martinez, Fernando"]
[Result "0-1"]
[WhiteElo "1992"]
[BlackElo "2155"]
[PlyCount "56"]
[EventDate "2007.08.23"]
[EventType "swiss"]
[EventRounds "9"]
[EventCountry "ESP"]
[Source "lmi"]
[SourceDate "2007.08.23"]

1. e4 c5 2. Nf3 e6 3. d4 cxd4 4. Nxd4 Nf6 5. Bd3 Nc6 6. Nb3 d5 7. exd5 Nxd5 8.
O-O Be7 9. Re1 O-O 10. Qh5 f5 11. Bc4 Bf6 12. f4 Nd4 13. Bxd5 Qxd5 14. Nxd4
Qxd4+ 15. Kh1 Bd7 16. Nc3 Bc6 17. Qe2 Rfe8 18. Qd2 e5 19. fxe5 Rxe5 20. Qxd4
Rxe1+ 21. Qg1 Rxg1+ 22. Kxg1 Re8 23. Kf1 Bxc3 24. bxc3 Bb5+ 25. Kg1 Re2 26. g3
Bc6 27. Bf4 Rxc2 28. h4 Rxc3 0-1

[Event "24. Torneo Colllado Villalba"]
[Site "Collado Villalba ESP"]
[Date "2007.08.28"]
[Round "6.25"]
[White "Cao Armillas, Jesus"]
[Black "Menor Villamor, Jose Carlos"]
[Result "1-0"]
[WhiteElo "2153"]
[BlackElo "2032"]
[PlyCount "72"]
[EventDate "2007.08.23"]
[EventType "swiss"]
[EventRounds "9"]
[EventCountry "ESP"]
[Source "lmi"]
[SourceDate "2007.08.23"]

1. d4 Nf6 2. c4 c5 3. d5 e6 4. Nc3 exd5 5. cxd5 d6 6. e4 g6 7. Nf3 Bg7 8. Be2
O-O 9. Nd2 a6 10. a4 Nbd7 11. O-O Re8 12. Ra3 Qc7 13. Qc2 Ne5 14. f4 Neg4 15.
Nc4 Nh5 16. Bf3 Qe7 17. Ne2 f5 18. h3 fxe4 19. Bxg4 Bxg4 20. hxg4 Nf6 21. Ne3
Qd7 22. g5 Ng4 23. Nxg4 Qxg4 24. Re3 Qf5 25. Qd1 b5 26. Ng3 Qd7 27. Nxe4 Bd4
28. Nf6+ Bxf6 29. gxf6 Qf5 30. Rfe1 Rf8 31. Re6 Rad8 32. axb5 axb5 33. g4 Qb1
34. Qd2 Qa2 35. f5 Qb3 36. R1e3 Qb4 1-0

[Event "24. Torneo Colllado Villalba"]
[Site "Collado Villalba ESP"]
[Date "2007.08.28"]
[Round "6.26"]
[White "Serrano Nunez, Dario"]
[Black "Rodriguez Gomez, Vicente"]
[Result "1-0"]
[WhiteElo "2028"]
[BlackElo "2148"]
[PlyCount "101"]
[EventDate "2007.08.23"]
[EventType "swiss"]
[EventRounds "9"]
[EventCountry "ESP"]
[Source "lmi"]
[SourceDate "2007.08.23"]

1. e4 e5 2. Nf3 Nc6 3. Bb5 a6 4. Ba4 Nf6 5. O-O Be7 6. Qe2 b5 7. Bb3 d6 8. c3
O-O 9. h3 Na5 10. Bc2 c6 11. d4 Qc7 12. Rd1 Nc4 13. b3 Nb6 14. dxe5 dxe5 15.
Be3 Nbd7 16. Nbd2 Re8 17. Nf1 Nf8 18. Ng3 Ng6 19. Rd2 Bf8 20. Qf1 Bb7 21. Bg5
Re6 22. Nf5 h6 23. Bxf6 Rxf6 24. Rad1 c5 25. Rd7 Qb6 26. N3h4 Nxh4 27. Nxh4 Bc6
28. R7d2 Qa5 29. Nf3 Re6 30. c4 b4 31. Bb1 Qc7 32. Qe2 a5 33. Rd5 a4 34. Qd3
axb3 35. axb3 Be7 36. Qc2 g6 37. h4 Bxd5 38. exd5 Rf6 39. h5 Bd6 40. Nd2 Rf5
41. hxg6 fxg6 42. Ne4 Ra6 43. Rd3 Qf7 44. Rh3 Kg7 45. Qd2 g5 46. Ng3 Ra1 47.
Qb2 Rxb1+ 48. Qxb1 Rf4 49. Nh5+ Kg8 50. Nxf4 exf4 51. Rxh6 1-0

[Event "24. Torneo Colllado Villalba"]
[Site "Collado Villalba ESP"]
[Date "2007.08.28"]
[Round "6.27"]
[White "Ramos Aldoradin, John Paul"]
[Black "Pardo Robles, Jose Manuel"]
[Result "1-0"]
[WhiteElo "2129"]
[BlackElo "2005"]
[PlyCount "99"]
[EventDate "2007.08.23"]
[EventType "swiss"]
[EventRounds "9"]
[EventCountry "ESP"]
[Source "lmi"]
[SourceDate "2007.08.23"]

1. Nf3 Nf6 2. d3 g6 3. g3 Bg7 4. Bg2 c5 5. O-O O-O 6. c4 d5 7. cxd5 Nxd5 8. Nc3
Nc6 9. Bd2 Re8 10. Rc1 Nxc3 11. Bxc3 Nd4 12. Nd2 Rb8 13. e3 Ne6 14. Bxg7 Kxg7
15. Nb3 b6 16. d4 cxd4 17. exd4 Bb7 18. d5 Nc7 19. Qd4+ Kg8 20. Rfd1 Nb5 21.
Qf4 Qd6 22. Qxd6 Nxd6 23. Nd4 Rbc8 24. Rxc8 Rxc8 25. Nc6 Bxc6 26. dxc6 b5 27.
Kf1 Kf8 28. Ke2 Ke8 29. Kd3 Kd8 30. Kd4 Kc7 31. Kc5 Rb8 32. b4 h5 33. Rd3 Rc8
34. Ra3 Kb8 35. Bf1 Nb7+ 36. Kxb5 Nd6+ 37. Kc5 Nb7+ 38. Kd5 e6+ 39. Ke5 Rxc6
40. Bg2 Rb6 41. Bxb7 Rb5+ 42. Kf6 Rf5+ 43. Kg7 Kxb7 44. f4 h4 45. Ra5 hxg3 46.
hxg3 Rd5 47. Kxf7 Rd3 48. Rg5 Ra3 49. Rxg6 Rxa2 50. Rxe6 1-0

[Event "24. Torneo Colllado Villalba"]
[Site "Collado Villalba ESP"]
[Date "2007.08.28"]
[Round "6.28"]
[White "Martin Martin, Luis Vicente"]
[Black "Perez Cameselle, Francisco"]
[Result "1-0"]
[WhiteElo "2110"]
[BlackElo "1996"]
[PlyCount "73"]
[EventDate "2007.08.23"]
[EventType "swiss"]
[EventRounds "9"]
[EventCountry "ESP"]
[Source "lmi"]
[SourceDate "2007.08.23"]

1. d4 Nf6 2. Nf3 g6 3. Bf4 Bg7 4. e3 d6 5. h3 O-O 6. Be2 Nbd7 7. O-O Qe8 8. c4
e5 9. Bh2 Qe7 10. Nc3 a5 11. c5 Rd8 12. Qb3 b6 13. c6 Nb8 14. dxe5 dxe5 15.
Nxe5 Be6 16. Bc4 Bxc4 17. Qxc4 Ne8 18. Nf3 Nd6 19. Qa4 Na6 20. Rad1 Nc5 21. Qc2
Bxc3 22. Qxc3 Nce4 23. Qc2 a4 24. Nd2 Nc5 25. Nc4 Nxc4 26. Qxc4 Rxd1 27. Rxd1
Rd8 28. Rxd8+ Qxd8 29. Qd4 Qe7 30. Be5 Kf8 31. Bf6 Qe8 32. Bg7+ Kg8 33. Bh6 Ne6
34. Qd7 Qxd7 35. cxd7 f6 36. Bf4 Kf7 37. Bxc7 1-0

[Event "24. Torneo Colllado Villalba"]
[Site "Collado Villalba ESP"]
[Date "2007.08.28"]
[Round "6.29"]
[White "Sanchez-Alarcos Galian, Victor"]
[Black "San Juan Rodriguez, Miguel"]
[Result "1/2-1/2"]
[WhiteElo "1958"]
[BlackElo "2100"]
[PlyCount "78"]
[EventDate "2007.08.23"]
[EventType "swiss"]
[EventRounds "9"]
[EventCountry "ESP"]
[Source "lmi"]
[SourceDate "2007.08.23"]

1. d4 d5 2. c4 Nc6 3. e3 e5 4. dxe5 d4 5. a3 a5 6. Nf3 Bg4 7. Be2 dxe3 8. Bxe3
Qxd1+ 9. Bxd1 O-O-O 10. Nc3 Nge7 11. O-O Ng6 12. Nd5 h6 13. Re1 Be6 14. Nf4
Nxf4 15. Bxf4 Bxc4 16. Rc1 Bd5 17. h4 Be7 18. h5 Rhg8 19. Bc2 Bxf3 20. gxf3 Nd4
21. Be4 Ne6 22. Be3 Bg5 23. Rc2 Rd7 24. Bf5 Rgd8 25. f4 Be7 26. Bb6 Kb8 27.
Bxe6 fxe6 28. Bxa5 b6 29. Bc3 Rd1 30. Rxd1 Rxd1+ 31. Kg2 Kb7 32. Rd2 Rxd2 33.
Bxd2 Kc6 34. Kf3 Kd5 35. Bb4 c5 36. Bc3 b5 37. b3 Bh4 38. b4 c4 39. Bb2 Be7
1/2-1/2

[Event "24. Torneo Colllado Villalba"]
[Site "Collado Villalba ESP"]
[Date "2007.08.28"]
[Round "6.30"]
[White "Rodrigo Yanguas, Maria"]
[Black "Torres Samper, Rafael"]
[Result "0-1"]
[WhiteElo "1988"]
[BlackElo "2099"]
[PlyCount "74"]
[EventDate "2007.08.23"]
[EventType "swiss"]
[EventRounds "9"]
[EventCountry "ESP"]
[Source "lmi"]
[SourceDate "2007.08.23"]

1. e4 c5 2. Nf3 d6 3. d4 cxd4 4. Nxd4 Nf6 5. Nc3 a6 6. Be2 e6 7. O-O Be7 8. Kh1
Qc7 9. f4 Nbd7 10. Qe1 b5 11. a3 Bb7 12. Bd3 Rc8 13. Qg3 h5 14. Nf3 Kf8 15. Be3
d5 16. Ng5 Kg8 17. h3 Nc5 18. Bxc5 Bxc5 19. e5 h4 20. Qe1 Nd7 21. Nf3 Be7 22.
f5 Nc5 23. fxe6 fxe6 24. Be2 Ne4 25. Bd3 Ng3+ 26. Kh2 Nxf1+ 27. Bxf1 Rf8 28.
Nd4 Rh6 29. Kh1 Bc5 30. Qe3 Qf7 31. Nce2 Qf2 32. Qd3 Bxd4 33. Nxd4 Qg3 34. Qxg3
hxg3 35. Be2 Rf4 36. c3 Re4 37. Bf3 Rxe5 0-1

[Event "24. Torneo Colllado Villalba"]
[Site "Collado Villalba ESP"]
[Date "2007.08.28"]
[Round "6.31"]
[White "Colet Fernandez, Josep"]
[Black "Martinez Alvira, Santiago"]
[Result "1-0"]
[WhiteElo "2096"]
[BlackElo "1955"]
[PlyCount "121"]
[EventDate "2007.08.23"]
[EventType "swiss"]
[EventRounds "9"]
[EventCountry "ESP"]
[Source "lmi"]
[SourceDate "2007.08.23"]

1. e4 c5 2. c3 d5 3. exd5 Qxd5 4. d4 Nc6 5. Nf3 Bg4 6. Be2 O-O-O 7. Be3 e5 8.
c4 Qd7 9. d5 Bxf3 10. Bxf3 Nd4 11. Nc3 f5 12. a4 Nf6 13. a5 Bd6 14. Na4 Qc7 15.
b4 e4 16. Be2 f4 17. Bxd4 cxd4 18. Qxd4 Bxb4+ 19. Kf1 Qxa5 20. Kg1 Rhe8 21. Ra2
Kb8 22. h3 Qc7 23. f3 Be1 24. Nc5 Qe5 25. Qxe5+ Rxe5 26. fxe4 Bg3 27. Rb2 b6
28. Bf3 Rc8 29. Nd3 Rxc4 30. Rb1 Re8 31. e5 Rd4 32. Nc5 Rxe5 33. Na6+ Kc8 34.
Rc1+ Kd8 35. Nb8 Rc4 36. Nc6+ Ke8 37. Rd1 Re3 38. Nxa7 Rd4 39. Rc1 Nxd5 40. Nb5
Rd2 41. Bxd5 Rc2 42. Ra1 Rc5 43. Bf3 Rxb5 44. Bc6+ Ke7 45. Bxb5 g5 46. Ra7+ Kd6
47. h4 gxh4 48. Rxh7 Re5 49. Bd3 b5 50. Rb7 Kc6 51. Rb8 Re1+ 52. Bf1 Rb1 53.
Rxb5 Rxf1+ 54. Kxf1 Kxb5 55. Ke2 Kc5 56. Rd1 Kc4 57. Kf3 Kc5 58. Kg4 Kc4 59.
Rd8 Kc5 60. Rf8 Kd5 61. Re8 1-0

[Event "24. Torneo Colllado Villalba"]
[Site "Collado Villalba ESP"]
[Date "2007.08.28"]
[Round "6.32"]
[White "Quintero Torres, Pedro"]
[Black "Ortega Morales, Pedro"]
[Result "1-0"]
[WhiteElo "2084"]
[BlackElo "1976"]
[PlyCount "32"]
[EventDate "2007.08.23"]
[EventType "swiss"]
[EventRounds "9"]
[EventCountry "ESP"]
[Source "lmi"]
[SourceDate "2007.08.23"]

1. e4 e5 2. Nf3 Nc6 3. d4 exd4 4. Nxd4 Bc5 5. Nxc6 Qf6 6. Qf3 Qxf3 7. gxf3 dxc6
8. Be3 Bxe3 9. fxe3 Be6 10. Nc3 O-O-O 11. f4 g6 12. Bd3 Nh6 13. h3 f6 14. Ne2
Rhe8 15. Nd4 Bg8 16. O-O-O Nf7 1-0

[Event "24. Torneo Colllado Villalba"]
[Site "Collado Villalba ESP"]
[Date "2007.08.28"]
[Round "6.33"]
[White "Cano Mercado, Francisco Manuel"]
[Black "Monmeneu Chulia, Vicente J"]
[Result "0-1"]
[WhiteElo "1897"]
[BlackElo "2078"]
[PlyCount "46"]
[EventDate "2007.08.23"]
[EventType "swiss"]
[EventRounds "9"]
[EventCountry "ESP"]
[Source "lmi"]
[SourceDate "2007.08.23"]

1. d4 Nf6 2. Bg5 e6 3. e4 h6 4. Bxf6 Qxf6 5. e5 Qd8 6. Bd3 d6 7. Nf3 Bd7 8.
Nbd2 d5 9. O-O b6 10. c4 Be7 11. cxd5 exd5 12. Re1 Be6 13. Rc1 O-O 14. Qc2 c5
15. Nf1 Qd7 16. Ne3 Nc6 17. a3 Rac8 18. dxc5 bxc5 19. h4 d4 20. Nc4 Bd5 21. e6
fxe6 22. Nce5 Nxe5 23. Nxe5 Qd6 0-1

[Event "24. Torneo Colllado Villalba"]
[Site "Collado Villalba ESP"]
[Date "2007.08.28"]
[Round "6.34"]
[White "Garcia Reino, Eduardo J"]
[Black "Esquivias Gomez, Francisco Javier"]
[Result "1/2-1/2"]
[WhiteElo "1889"]
[BlackElo "2060"]
[PlyCount "61"]
[EventDate "2007.08.23"]
[EventType "swiss"]
[EventRounds "9"]
[EventCountry "ESP"]
[Source "lmi"]
[SourceDate "2007.08.23"]

1. e4 Nf6 2. Nc3 d6 3. d3 g6 4. g3 Bg7 5. Bg2 O-O 6. Nge2 Ne8 7. Be3 e5 8. Qd2
c5 9. O-O Nc6 10. f4 exf4 11. Bxf4 Be6 12. Bh6 Nc7 13. Bxg7 Kxg7 14. Nf4 Rb8
15. Nxe6+ Nxe6 16. Nd5 f6 17. c3 b5 18. Rf2 Nc7 19. Ne3 Ne7 20. Ng4 f5 21. exf5
Nxf5 22. Be4 Qd7 23. Bxf5 Rxf5 24. Qh6+ Kh8 25. Nf6 Qg7 26. Qxg7+ Kxg7 27. Ne4
Rxf2 28. Kxf2 c4 29. d4 d5 30. Nc5 Rf8+ 31. Kg2 1/2-1/2

[Event "24. Torneo Colllado Villalba"]
[Site "Collado Villalba ESP"]
[Date "2007.08.28"]
[Round "6.35"]
[White "Sanchez Delgado, Lidia"]
[Black "Laurentiu, Burlacu"]
[Result "1-0"]
[WhiteElo "2053"]
[BlackElo "1944"]
[PlyCount "171"]
[EventDate "2007.08.23"]
[EventType "swiss"]
[EventRounds "9"]
[EventCountry "ESP"]
[Source "lmi"]
[SourceDate "2007.08.23"]

1. e4 e6 2. d4 d5 3. e5 c5 4. c3 Nc6 5. Nf3 Qb6 6. Bd3 Bd7 7. Bc2 cxd4 8. cxd4
Bb4+ 9. Nc3 Rc8 10. O-O Bxc3 11. bxc3 Nge7 12. Qd3 Na5 13. Rb1 Qc7 14. Bd2 a6
15. Ng5 h6 16. Qh3 Nc4 17. Bc1 b5 18. Nf3 Nb6 19. Bd2 a5 20. Bd3 Nc4 21. Bc1 a4
22. Nd2 Qa5 23. Bc2 Nxe5 24. dxe5 Rxc3 25. Bd3 b4 26. Bb2 Rxd3 27. Qxd3 Bb5 28.
Qc2 Bxf1 29. Nxf1 O-O 30. Qd2 Nc6 31. Rc1 Qb5 32. Qe3 Rb8 33. Rc5 Qa6 34. Qc1
Na5 35. Ne3 a3 36. Ba1 Ra8 37. Nc2 Qb7 38. Nd4 Nc4 39. Rb5 Qe7 40. Qe1 Nb2 41.
Qb1 Qg5 42. Nf3 Qf4 43. Rc5 Nc4 44. Qxb4 Qc1+ 45. Qe1 Qc2 46. Rb5 Qxa2 47. Nd4
Nb2 48. h3 Rc8 49. Ne2 d4 50. Kh2 d3 51. Nc3 Qc4 52. Rxb2 axb2 53. Bxb2 Qf4+
54. g3 d2 55. Qe2 Qd4 56. Nd1 Qd5 57. Bc3 Rd8 58. Kg1 Qa2 59. Kh2 Qc2 60. Qf3
Rc8 61. Kg2 Rc4 62. Kh2 Re4 63. Bxd2 Rd4 64. Bxh6 gxh6 65. Ne3 Qe4 66. Qf6 Qg6
67. Qf3 h5 68. Ng2 Re4 69. Nh4 Qh7 70. Qf6 Rd4 71. Qg5+ Kf8 72. Qc1 Qe4 73.
Qh6+ Ke8 74. Qh8+ Kd7 75. Qxh5 Qd5 76. Qxf7+ Kc6 77. Qe8+ Kb6 78. Qb8+ Ka5 79.
Qc7+ Ka4 80. Qc2+ Kb5 81. Qb2+ Rb4 82. Qe2+ Ka4 83. Qc2+ Ka3 84. Qc3+ Rb3 85.
Qc1+ Rb2 86. Qe3+ 1-0

[Event "24. Torneo Colllado Villalba"]
[Site "Collado Villalba ESP"]
[Date "2007.08.28"]
[Round "6.36"]
[White "Sanchez Rodenas, Antonio"]
[Black "Picon Rodriguez, Jose"]
[Result "0-1"]
[WhiteElo "1795"]
[BlackElo "2042"]
[PlyCount "80"]
[EventDate "2007.08.23"]
[EventType "swiss"]
[EventRounds "9"]
[EventCountry "ESP"]
[Source "lmi"]
[SourceDate "2007.08.23"]

1. d4 Nf6 2. c4 e6 3. Nf3 b6 4. g3 Ba6 5. b3 Bb4+ 6. Bd2 Be7 7. Bg2 c6 8. O-O
O-O 9. Bc3 Bb7 10. Re1 Ne4 11. Qc2 d5 12. Nbd2 Nxc3 13. Qxc3 c5 14. e3 Nd7 15.
Rad1 Rc8 16. Qb2 Rc7 17. e4 dxe4 18. Nxe4 Nf6 19. dxc5 Qa8 20. cxb6 Bxe4 21.
bxc7 Bxf3 22. Bxf3 Qxf3 23. Qe2 Qc6 24. Qe5 Rc8 25. Rd3 Qxc7 26. Qxc7 Rxc7 27.
Red1 h6 28. f3 a5 29. Kf1 Kf8 30. h4 Ke8 31. Kf2 Nd7 32. f4 Nc5 33. Rf3 Ne4+
34. Kg2 g6 35. Re3 Nc5 36. Kf3 f5 37. Re2 Ne4 38. Rd3 Bb4 39. Kg2 a4 40. Rc2
Ra7 0-1

[Event "24. Torneo Colllado Villalba"]
[Site "Collado Villalba ESP"]
[Date "2007.08.28"]
[Round "6.37"]
[White "Cruz Condori, Alfredo"]
[Black "Tarin Casado, Francisco"]
[Result "1-0"]
[WhiteElo "2149"]
[BlackElo "1906"]
[PlyCount "88"]
[EventDate "2007.08.23"]
[EventType "swiss"]
[EventRounds "9"]
[EventCountry "ESP"]
[Source "lmi"]
[SourceDate "2007.08.23"]

1. c4 c6 2. e4 d5 3. exd5 cxd5 4. cxd5 Nf6 5. Nc3 g6 6. Qb3 Bg7 7. Bb5+ Nbd7 8.
d4 O-O 9. Bg5 a6 10. Bxd7 Qxd7 11. Nf3 e6 12. dxe6 Qxe6+ 13. Qxe6 Bxe6 14. O-O
Nd5 15. a3 Rac8 16. Rfc1 Nxc3 17. bxc3 Rfe8 18. a4 Bf5 19. Be3 Bd7 20. a5 Bf5
21. Nd2 Rc6 22. Nb3 Rce6 23. Nc5 R6e7 24. h3 h5 25. Ra3 Rxe3 26. fxe3 Rxe3 27.
Rb3 Bf6 28. Rxb7 Rxc3 29. Rd1 Bc2 30. Rd2 Bxd4+ 31. Rxd4 Rxc5 32. Rd8+ Kg7 33.
Rdd7 Rf5 34. Rd2 Be4 35. Re7 Bc6 36. Rf2 Rxf2 37. Kxf2 Kf6 38. Rc7 Bb5 39. h4
Ke6 40. Ke3 Bf1 41. g3 f6 42. Rc6+ Kf7 43. Rc1 Bg2 44. Rb1 Bc6 1-0

[Event "24. Torneo Colllado Villalba"]
[Site "Collado Villalba ESP"]
[Date "2007.08.28"]
[Round "6.38"]
[White "Minguez Greciano, Iluminada"]
[Black "Lopez De Turiso Sanchez, Jose Ang"]
[Result "0-1"]
[WhiteElo "1861"]
[BlackElo "2132"]
[PlyCount "74"]
[EventDate "2007.08.23"]
[EventType "swiss"]
[EventRounds "9"]
[EventCountry "ESP"]
[Source "lmi"]
[SourceDate "2007.08.23"]

1. c4 f5 2. Nc3 Nf6 3. g3 d6 4. Bg2 e5 5. e3 Be7 6. d4 c6 7. Nge2 Qc7 8. b3 O-O
9. O-O Bd7 10. Bb2 Be8 11. a3 Nbd7 12. b4 Bf7 13. d5 Nb6 14. Qb3 cxd5 15. cxd5
Qc4 16. Qxc4 Nxc4 17. Ra2 Nxb2 18. Rxb2 Rfc8 19. Rd2 Rc4 20. Rc1 Rac8 21. Rdd1
a6 22. h3 b5 23. Na2 Rxc1 24. Naxc1 Kf8 25. Rd2 Bd8 26. Na2 Bb6 27. Nac3 Nd7
28. Kf1 Bd8 29. Rc2 Nb6 30. Ke1 Bf6 31. Nc1 e4 32. Kd2 Rc4 33. Bf1 Rc7 34. a4
Bxc3+ 35. Rxc3 Rxc3 36. Kxc3 Nxa4+ 37. Kd4 Nb6 0-1